|
|
|
|
| LEADER |
00790cam a2200193 a 4500 |
| 005 |
20200306193032.0 |
| 008 |
061120s2007 enk 000 0 eng |
| 999 |
|
|
|c 39
|d 39
|
| 020 |
|
|
|a 9781857883671
|
| 020 |
|
|
|a 1857883675
|
| 082 |
0 |
0 |
|a 808.02
|b WOL
|
| 100 |
1 |
|
|a Wolff, Jurgen
|
| 245 |
1 |
0 |
|a Your writing coach :
|b from concept to character, from pitch to publication : everything you need to know about writing novels, non-fiction, new media, scripts and short stories /
|c Jurgen Wolff
|
| 260 |
|
|
|a London ;
|a Boston :
|c 2007.
|b Nicholas Brealey Publishing,
|
| 300 |
|
|
|a 248p.
|
| 650 |
|
0 |
|a Authorship
|
| 650 |
|
0 |
|a Creative writing
|
| 942 |
|
|
|2 ddc
|c BK
|
| 952 |
|
|
|0 0
|1 0
|2 ddc
|4 0
|6 808_020000000000000_WOL
|7 0
|9 38
|a MAIN
|b MAIN
|d 2013-06-19
|g 199.00
|l 3
|o 808.02 WOL
|p 135
|r 2018-06-19
|s 2018-02-19
|t 1
|w 2013-06-19
|y BK
|